000 00247nam a2200097Ia 4500
001 912122
005 20250826185732.0
008 250824s9999 xx 000 0 und d
245 0 _aCUMHURİYET ÇOCUĞU
_cİLHAN SOYTÜRK
260 _bAKVARYUM YAYINLARI
999 _c912122
_d912122